[Event "World Blitz 2025"]
[Site "Doha QAT"]
[Date "2025.12.29"]
[Round "9.85"]
[White "Peyrer, Konstantin"]
[Black "Galaviz Medina, Sion Radamantys"]
[Result "1-0"]
[WhiteTitle "IM"]
[BlackTitle "IM"]
[WhiteElo "2496"]
[BlackElo "2514"]
[WhiteFideId "1640879"]
[BlackFideId "5123119"]
[EventDate "2025.12.29"]

1. Nf3 d5 2. d4 Nf6 3. c4 e6 4. Nc3 dxc4 5. e4 b5 6. e5 Nd5 7. Nxb5 Nb6 8. Be2
Nc6 9. Be3 Bb7 10. Nc3 Be7 11. a3 Na5 12. Qc2 Qd7 13. Rd1 O-O-O 14. O-O g5 15.
Nd2 h5 16. Nde4 Qc6 17. Bf3 Nd5 18. Nxd5 exd5 19. Nxg5 Rdf8 20. h4 Kb8 21. Qf5
Bc8 22. Qf4 f6 23. exf6 Bd6 24. f7 Bxf4 25. Bxf4 Rh6 26. Be5 Bg4 27. Bg7 Rhh8
28. Bxh8 Rxh8 29. Rfe1 Bxf3 30. gxf3 Kb7 31. Re7 Rf8 32. Rde1 Qf6 33. R1e6 Qxd4
34. Re8 Rxf7 35. Nxf7 Qxb2 36. Nd8+ Kc8 37. Nc6+ Kd7 1-0

[Event "World Blitz 2025"]
[Site "Doha QAT"]
[Date "2025.12.29"]
[Round "9.86"]
[White "Nesterov, Arseniy"]
[Black "Urkedal, Frode Olav Olsen"]
[Result "1/2-1/2"]
[WhiteTitle "GM"]
[BlackTitle "GM"]
[WhiteElo "2595"]
[BlackElo "2568"]
[WhiteFideId "24198455"]
[BlackFideId "1506102"]
[EventDate "2025.12.29"]

1. d4 Nf6 2. c4 e6 3. Nf3 d5 4. g3 Bb4+ 5. Bd2 a5 6. Bg2 O-O 7. Qc2 c6 8. O-O
Be7 9. Bf4 Nbd7 10. Rd1 a4 11. h4 h6 12. Nbd2 Nh5 13. e3 Nxf4 14. exf4 b5 15. c5
b4 16. Re1 Ba6 17. Qxa4 Qb8 18. Qc2 Bf6 19. Re3 Bb5 20. Bf1 Bxf1 21. Nxf1 Qb5
22. Rb3 Ra4 23. Ne3 Rfa8 24. a3 Qa6 25. Qd1 g6 26. Nc2 bxa3 27. Raxa3 Rxa3 28.
Rxa3 1/2-1/2

[Event "World Blitz 2025"]
[Site "Doha QAT"]
[Date "2025.12.29"]
[Round "9.87"]
[White "Begmuratov, Khumoyun"]
[Black "Nogerbek, Kazybek"]
[Result "0-1"]
[WhiteTitle "IM"]
[BlackTitle "GM"]
[WhiteElo "2451"]
[BlackElo "2539"]
[WhiteFideId "14210207"]
[BlackFideId "13710427"]
[EventDate "2025.12.29"]

1. e4 e5 2. Nf3 Nc6 3. Bc4 Nf6 4. d3 Bc5 5. c3 a5 6. O-O d6 7. Re1 O-O 8. h3 Ba7
9. Nbd2 Be6 10. a4 h6 11. Bxe6 fxe6 12. Nf1 Nh5 13. Be3 Qf6 14. Bxa7 Rxa7 15. d4
Nf4 16. Re3 Raa8 17. Ng3 Rf7 18. Ne2 Nxe2+ 19. Rxe2 Raf8 20. dxe5 Nxe5 21. Nxe5
Qxe5 22. Qd4 Qg5 23. b4 b6 24. Rd1 Rf6 25. Kh2 R8f7 26. Rd3 Rg6 27. g3 Qh5 28.
Qe3 e5 29. Kg2 Rgf6 30. bxa5 bxa5 31. Rb2 Kh7 32. c4 Qg6 33. Qe1 Qg5 34. Qe3 Qh5
35. Qe1 Qg6 36. Re3 Qh5 37. Qxa5 Qd1 38. Qe1 Qxa4 39. Qc3 Qc6 40. Rbe2 Qc5 41.
Rd2 Qc6 42. Qd3 Qa4 43. Qc2 Qa1 44. Qc3 Qa7 45. Qd3 Rf8 46. Rde2 Ra8 47. Rc2 Qc5
48. Qd5 Ra5 49. Qxc5 Rxc5 50. Rb3 Rf8 51. Rb4 Ra8 52. Rb5 Ra5 53. Rb4 g5 54. Kf3
Kg6 55. Ke2 h5 56. Kd3 h4 57. g4 Ra1 58. Rc3 Rca5 59. Rb2 Rh1 60. Ke2 Raa1 61.
c5 Rae1+ 62. Kd2 Rxe4 63. cxd6 Rd4+ 64. Ke2 cxd6 65. Rb7 Kf6 66. Rb8 Re4+ 67.
Kd2 Rf4 68. Ke2 Re4+ 69. Kd3 Rd4+ 70. Ke2 Ke6 71. Rg8 Re4+ 72. Kd2 Rf1 73. Rf3
Ra1 74. Rg6+ Kd5 75. Rd3+ Rd4 76. Rxd4+ exd4 77. Rxg5+ Ke4 78. Rg6 Ra2+ 79. Ke1
d5 80. Rd6 d3 81. g5 Ra1+ 82. Kd2 Rg1 83. g6 Rg2 84. Rf6 Ke5 85. Rf3 Rxg6 86.
Kxd3 Ra6 87. Ke2 Ra2+ 88. Ke1 Ke4 89. Re3+ Kf4 90. Rd3 Ke5 91. Re3+ Kf5 92. Rd3
Ke4 93. Re3+ Kd4 94. Rf3 Rb2 95. Ra3 Ke4 96. Re3+ Kf5 97. Rd3 Ke5 98. Re3+ Kd6
99. Rd3 Rb4 100. Ra3 Ke5 101. Ke2 Rb2+ 102. Kf3 Rc2 103. Ke3 Rc1 104. Ke2 Rh1
105. Re3+ Kd4 106. Rd3+ Kc4 107. Ra3 d4 108. Ra4+ Kc3 109. Ra3+ Kc2 110. Ra2+
Kb3 111. Rd2 Kc4 112. Rc2+ Kd5 113. Rc8 Rxh3 114. Rd8+ Kc4 115. Rc8+ Kb3 116.
Rd8 Kc3 117. Rc8+ Kb2 118. Rd8 Kc3 119. Rc8+ Kb4 120. Rd8 Kc5 121. Rc8+ Kd5 122.
Rd8+ Ke5 123. Re8+ Kf6 124. Rf8+ Ke6 125. Re8+ Kf6 126. Rf8+ Ke7 127. Rf4 d3+
128. Kd2 Ke6 129. Rf8 Ke7 130. Rf4 Ke6 131. Rf8 Ke5 132. f3 Rh1 133. Rh8 h3 134.
Kxd3 h2 0-1

[Event "World Blitz 2025"]
[Site "Doha QAT"]
[Date "2025.12.29"]
[Round "9.88"]
[White "Rakhmanov, Aleksandr"]
[Black "Gharibyan, Mamikon"]
[Result "1/2-1/2"]
[WhiteTitle "GM"]
[BlackTitle "GM"]
[WhiteElo "2585"]
[BlackElo "2491"]
[WhiteFideId "4173708"]
[BlackFideId "13308300"]
[EventDate "2025.12.29"]

1. c4 e6 2. e4 d5 3. exd5 exd5 4. d4 Nf6 5. Nc3 Bb4 6. Bd3 O-O 7. Ne2 dxc4 8.
Bxc4 h6 9. O-O Nc6 10. a3 Bd6 11. f3 Bf5 12. Be3 Re8 13. Bf2 a6 14. Ba2 Qd7 15.
Qd2 Ne7 16. Bh4 Nh7 17. Rad1 Ng6 18. Bf2 Rad8 19. Rfe1 Ng5 20. h4 Nh7 21. h5
Ngf8 22. Ng3 Nf6 23. Nce4 Bxe4 24. Nxe4 Nxh5 25. Bh4 Rc8 26. Bb1 Ng6 27. Bf2
Nhf4 28. Be3 Rcd8 29. Ba2 c6 30. Qc2 Nd5 31. Bxh6 Bf4 32. Nc5 Qc7 33. Bxd5 cxd5
34. Bxf4 Nxf4 35. Qd2 b6 36. Na4 Ne6 37. Nc3 b5 38. Re5 Qa7 39. Qf2 Nf4 40. Qe3
Rxe5 41. Qxe5 Ng6 42. Qe3 Qc7 43. Re1 Qd6 44. Ne2 b4 45. a4 Qc6 46. b3 Re8 47.
Qd2 a5 48. Rc1 Qd6 49. Kf2 Nh4 50. Qg5 Ng6 51. Ng3 Qe6 52. Rd1 Rc8 53. Rc1 Rxc1
54. Qxc1 f6 55. Qc5 Nf4 56. Qxa5 Nd3+ 57. Kg1 Qe3+ 58. Kh2 Qh6+ 59. Kg1 Qe3+ 60.
Kh2 Qh6+ 61. Kg1 Qe3+ 62. Kh2 Qh6+ 63. Kg1 Qe3+ 64. Kh2 Qh6+ 1/2-1/2

[Event "World Blitz 2025"]
[Site "Doha QAT"]
[Date "2025.12.29"]
[Round "9.89"]
[White "Alexakis, Dimitris"]
[Black "Ibrahimli, Murad"]
[Result "1-0"]
[WhiteTitle "GM"]
[BlackTitle "IM"]
[WhiteElo "2544"]
[BlackElo "2438"]
[WhiteFideId "4277023"]
[BlackFideId "13410229"]
[EventDate "2025.12.29"]

1. e4 c5 2. Nf3 d6 3. d4 cxd4 4. Nxd4 Nf6 5. f3 e5 6. Nb3 Be6 7. c4 a5 8. Be3 a4
9. N3d2 Be7 10. Nc3 Qa5 11. Be2 Nbd7 12. O-O Bd8 13. Kh1 O-O 14. Nd5 Nc5 15. b4
axb3 16. axb3 Qxa1 17. Qxa1 Rxa1 18. Rxa1 Na6 19. Rb1 Nd7 20. b4 Bxd5 21. exd5
Bb6 22. Bg5 Bd8 23. Bxd8 Rxd8 24. Ne4 Nb6 25. g4 h6 26. h4 Kf8 27. Kg2 Ke7 28.
Kg3 Rc8 29. c5 Nxd5 30. Nxd6 Rb8 31. Nf5+ Kf8 32. Bxa6 bxa6 33. c6 g6 34. Nxh6
Ke7 35. h5 Rb6 36. g5 gxh5 37. Nf5+ Ke8 38. Rd1 Nf4 39. c7 1-0

[Event "World Blitz 2025"]
[Site "Doha QAT"]
[Date "2025.12.29"]
[Round "9.90"]
[White "Siddharth, Jagadeesh"]
[Black "Lodici, Lorenzo"]
[Result "1-0"]
[WhiteTitle "GM"]
[BlackTitle "GM"]
[WhiteElo "2489"]
[BlackElo "2590"]
[WhiteFideId "5818320"]
[BlackFideId "884189"]
[EventDate "2025.12.29"]

1. c4 e5 2. Nc3 Nc6 3. Nf3 f5 4. d4 e4 5. Ng5 Nf6 6. h4 Bb4 7. Bf4 Bxc3+ 8. bxc3
d6 9. e3 Qe7 10. h5 O-O 11. Be2 Bd7 12. h6 g6 13. Nh3 Nd8 14. Bg3 Nf7 15. Bh4
Nxh6 16. Nf4 Kg7 17. Nd5 Qd8 18. f3 exf3 19. gxf3 Nhg8 20. Qd2 Be6 21. Nf4 Qd7
22. O-O-O d5 23. Rdg1 dxc4 24. d5 Bxd5 25. Qd4 Be6 26. Qe5 Kf7 27. Rd1 Qe7 28.
Bg5 h5 29. Rdg1 Qd6 30. Qa5 b6 31. Qa4 Qe5 32. Nxe6 Qxc3+ 33. Kb1 Kxe6 34. Bxc4+
Ke7 35. Qc6 Qb4+ 36. Bb3 Qd6 37. Qc4 Rad8 38. Rd1 1-0

[Event "World Blitz 2025"]
[Site "Doha QAT"]
[Date "2025.12.29"]
[Round "9.91"]
[White "Martinez Alcantara, Jose Eduardo"]
[Black "Jumabayev, Rinat"]
[Result "1-0"]
[WhiteTitle "GM"]
[BlackTitle "GM"]
[WhiteElo "2667"]
[BlackElo "2560"]
[WhiteFideId "3805662"]
[BlackFideId "13702661"]
[EventDate "2025.12.29"]

1. b3 Nf6 2. Bb2 g6 3. c4 Bg7 4. g3 O-O 5. Bg2 c5 6. Nf3 b6 7. d4 Bb7 8. dxc5
bxc5 9. O-O d6 10. Nc3 Nc6 11. e3 e6 12. Qe2 Qe7 13. Rfd1 Rfd8 14. Rac1 a6 15.
Rd2 h6 16. h3 Kh7 17. Rcd1 Ne8 18. Na4 Bxb2 19. Rxb2 f5 20. e4 fxe4 21. Qxe4 Nd4
22. Qxb7 Qxb7 23. Ng5+ hxg5 24. Bxb7 Ra7 25. Bg2 a5 26. Nc3 Rb8 27. Rbd2 e5 28.
Nb5 Ra6 29. Re1 Kg7 30. Nxd4 cxd4 31. c5 Kf6 32. f4 gxf4 33. gxf4 dxc5 34. fxe5+
Ke7 35. Bf1 Rab6 36. Rf2 Ng7 37. Bd3 Rf8 38. Rc1 Rxf2 39. Kxf2 Rc6 40. Be4 Rc7
41. Bxg6 Ke6 42. Re1 Nf5 43. Ke2 Ne3 44. Kd3 Rg7 45. Rg1 Kxe5 46. h4 Nd5 47. h5
Nf4+ 48. Kc4 Kd6 49. Rf1 Nd5 50. Rg1 Ne3+ 51. Kd3 Nd5 52. Rf1 Re7 53. h6 Re3+
54. Kd2 Rh3 55. h7 Rh2+ 56. Kd3 Rh3+ 57. Kd2 Rh2+ 58. Ke1 Ne3 59. Rf8 Rh1+ 60.
Ke2 Rh2+ 61. Kd3 Nd5 62. h8=Q Nf4+ 63. Rxf4 Rxh8 64. Rf3 Rb8 65. Be4 Ke5 66.
Rf5+ Kd6 67. Rd5+ 1-0

[Event "World Blitz 2025"]
[Site "Doha QAT"]
[Date "2025.12.29"]
[Round "9.92"]
[White "Ivanchuk, Vasyl"]
[Black "Ansat, Aldiyar"]
[Result "1-0"]
[WhiteTitle "GM"]
[BlackTitle "IM"]
[WhiteElo "2607"]
[BlackElo "2479"]
[WhiteFideId "14100010"]
[BlackFideId "13715658"]
[EventDate "2025.12.29"]

1. e4 c5 2. Nf3 Nc6 3. d4 cxd4 4. Nxd4 Nf6 5. Nc3 e5 6. Ndb5 d6 7. Nd5 Nxd5 8.
exd5 Ne7 9. c4 Ng6 10. Qa4 Bd7 11. Qb4 Qb8 12. h4 h5 13. Be3 a6 14. Nc3 Be7 15.
g3 Qc7 16. Be2 a5 17. Qb3 a4 18. Qd1 Qc8 19. Rc1 b6 20. Nb5 e4 21. Bxb6 Rb8 22.
Bd4 Kf8 23. O-O Bg4 24. f3 exf3 25. Bxf3 Bh3 26. Bg2 Bxg2 27. Kxg2 Rh6 28. Qf3
f6 29. Qe4 Qd7 30. Be3 Ne5 31. Bxh6 gxh6 32. Rc2 Kg7 33. Nd4 Rg8 34. Nf5+ Kh8
35. Rf4 Bf8 36. Re2 Qa7 37. Qd4 Qb7 38. Qc3 Qa7 39. b3 axb3 40. axb3 Rg6 41. Rf1
Qd7 42. Ref2 Rg4 43. Rf4 Rg6 44. Ra1 Qb7 45. Qc2 Qb6 46. Ra8 Nd7 47. Ne7 Rg7 48.
Ng6+ Kg8 49. Nxf8 Nxf8 50. Rxf6 Rxg3+ 51. Kxg3 Qe3+ 52. Rf3 Qe1+ 53. Qf2 Qe5+
54. Rf4 Kg7 55. Rxf8 Qc3+ 56. Rf3 Qe5+ 57. Kg2 Qe4 58. Qg3+ 1-0

[Event "World Blitz 2025"]
[Site "Doha QAT"]
[Date "2025.12.29"]
[Round "9.93"]
[White "Rodrigue-Lemieux, Shawn"]
[Black "Wojtaszek, Radoslaw"]
[Result "1-0"]
[WhiteTitle "GM"]
[BlackTitle "GM"]
[WhiteElo "2517"]
[BlackElo "2667"]
[WhiteFideId "2620049"]
[BlackFideId "1118358"]
[EventDate "2025.12.29"]

1. e4 c6 2. Nf3 d5 3. d3 Bg4 4. h3 Bxf3 5. Qxf3 e6 6. g3 Nd7 7. Bg2 Bd6 8. O-O
Ne7 9. Qe2 O-O 10. Nd2 a5 11. f4 a4 12. a3 b5 13. Nf3 dxe4 14. dxe4 e5 15. f5
Bc5+ 16. Kh2 Nc8 17. Bd2 Nd6 18. Rad1 Qe7 19. g4 Rad8 20. g5 f6 21. h4 Nc4 22.
Bc1 Rfe8 23. Bh3 Nf8 24. h5 Rxd1 25. Rxd1 fxg5 26. Nxg5 Nxb2 27. Rf1 Nc4 28. h6
gxh6 29. f6 1-0

[Event "World Blitz 2025"]
[Site "Doha QAT"]
[Date "2025.12.29"]
[Round "9.94"]
[White "Amin, Bassem"]
[Black "Zverev, Lev"]
[Result "0-1"]
[WhiteTitle "GM"]
[BlackTitle "IM"]
[WhiteElo "2626"]
[BlackElo "2453"]
[WhiteFideId "10601457"]
[BlackFideId "24250775"]
[EventDate "2025.12.29"]

1. Nf3 d5 2. g3 Bg4 3. Bg2 Nd7 4. c4 c6 5. cxd5 cxd5 6. Nc3 e6 7. O-O Ngf6 8. d4
Be7 9. Bf4 O-O 10. Qb3 Bxf3 11. Bxf3 Nb6 12. Rfc1 Bd6 13. Bxd6 Qxd6 14. Nb5 Qd8
15. Qb4 Nc4 16. b3 a5 17. Qc3 Nd6 18. Nxd6 Qxd6 19. Qc7 Qb4 20. e3 g6 21. Rc3 a4
22. a3 axb3 23. axb4 Rxa1+ 0-1

[Event "World Blitz 2025"]
[Site "Doha QAT"]
[Date "2025.12.29"]
[Round "9.95"]
[White "Donchenko, Alexander"]
[Black "Karthik, Venkataraman"]
[Result "1-0"]
[WhiteTitle "GM"]
[BlackTitle "GM"]
[WhiteElo "2661"]
[BlackElo "2589"]
[WhiteFideId "24603295"]
[BlackFideId "25006479"]
[EventDate "2025.12.29"]

1. d4 Nf6 2. c4 e6 3. g3 d5 4. Bg2 dxc4 5. Qa4+ Nbd7 6. Qxc4 c5 7. Nf3 a6 8. Qb3
cxd4 9. Nxd4 Nc5 10. Qe3 Nd5 11. Qd2 Be7 12. Nc3 O-O 13. O-O Nxc3 14. Qxc3 e5
15. Nf3 f6 16. Be3 Ne6 17. Rfd1 Qe8 18. Nh4 f5 19. Qxe5 f4 20. Bb6 Bxh4 21. gxh4
Qg6 22. Kh1 Kh8 23. Be4 Qh6 24. Rd6 Qxh4 25. Rg1 Qe7 26. Bd5 Rf5 27. Qxf5 Qxd6
28. Be4 Nf8 29. Qf7 Qf6 30. Qxf6 gxf6 31. Bd4 Ng6 32. Bxg6 hxg6 33. Rxg6 Be6 34.
Rxf6 Bd5+ 35. f3 Kg8 36. Rxf4 Bxa2 37. Rh4 1-0

[Event "World Blitz 2025"]
[Site "Doha QAT"]
[Date "2025.12.29"]
[Round "9.96"]
[White "Aditya, Mittal"]
[Black "Quparadze, Giga"]
[Result "0-1"]
[WhiteTitle "GM"]
[BlackTitle "GM"]
[WhiteElo "2624"]
[BlackElo "2502"]
[WhiteFideId "35042025"]
[BlackFideId "13602250"]
[EventDate "2025.12.29"]

1. d4 Nf6 2. c4 e6 3. Nf3 b6 4. g3 Ba6 5. Qc2 Bb4+ 6. Bd2 c5 7. Bxb4 cxb4 8. Bg2
Nc6 9. Nbd2 Rc8 10. O-O Na5 11. Qa4 Bxc4 12. Nxc4 Nxc4 13. Qxb4 a5 14. Qb5 O-O
15. Rac1 d5 16. b3 Nd6 17. Rxc8 Nxb5 18. Rxd8 Rxd8 19. Rc1 Ne4 20. e3 Nbc3 21.
Rc2 b5 22. Nd2 b4 23. Bxe4 dxe4 24. Nc4 Ra8 25. Kg2 f5 26. a3 Kf7 27. f3 Ke7 28.
fxe4 fxe4 29. a4 Nd5 30. Rf2 Rc8 31. Re2 g5 32. Kf2 Nc3 33. Rd2 Nxa4 34. Nxa5
Nb6 35. Ra2 Rc3 36. Nb7 Rxb3 37. Nc5 Ra3 38. Rb2 Nd5 39. Nxe4 Rxe3 40. Nxg5 Rc3
41. Ke2 h6 42. Nf3 Re3+ 43. Kf2 Ra3 44. Ne5 b3 45. Kf3 Nc3 46. Nc4 Ra4 47. Nd2
Nb5 48. Nxb3 Rb4 49. Kg4 Nxd4 50. Kh5 Rxb3 51. Rd2 Nf5 52. g4 Rh3+ 53. Kg6 Nh4+
54. Kg7 Nf3 55. Rd3 e5 56. Re3 Ke6 57. Ra3 e4 58. Ra6+ Ke5 0-1

[Event "World Blitz 2025"]
[Site "Doha QAT"]
[Date "2025.12.29"]
[Round "9.69"]
[White "Sanal, Vahap"]
[Black "Morris, James"]
[Result "1-0"]
[WhiteTitle "GM"]
[BlackTitle "IM"]
[WhiteElo "2546"]
[BlackElo "2422"]
[WhiteFideId "6300545"]
[BlackFideId "3205800"]
[EventDate "2025.12.29"]

1. e4 Nc6 2. Nf3 d6 3. d4 Nf6 4. Bd3 Nb4 5. Nc3 Nxd3+ 6. Qxd3 c6 7. Bg5 g6 8. h3
Bg7 9. Qd2 d5 10. Bxf6 Bxf6 11. e5 Bg7 12. Ne2 h5 13. Nf4 Bh6 14. h4 Qb6 15. b3
Bf5 16. c3 Qa6 17. Ng1 f6 18. Nge2 fxe5 19. dxe5 Rf8 20. Qd4 O-O-O 21. f3 Kb8
22. Kf2 Qa5 23. b4 Qc7 24. Rhe1 Ka8 25. a4 g5 26. hxg5 Bxg5 27. Rh1 h4 28. Nh3
Bxh3 29. Rxh3 e6 30. f4 Rf5 31. Rf3 Be7 32. Qe3 c5 33. Rc1 Rg8 34. bxc5 Bxc5 35.
Nd4 Qg7 36. Rg1 Qg4 37. Kf1 Bxd4 38. cxd4 Rgf8 39. g3 Qh3+ 40. Kf2 Qh2+ 41. Kf1
hxg3 42. Rgxg3 Qa2 43. Rf2 Qxa4 44. Kg2 a6 45. Rg6 Qd7 46. Qg3 R5f7 47. Qg4 Rf5
48. Rg7 R8f7 49. Rg8+ Ka7 50. Qg3 Qb5 51. Rc8 Qb1 52. Qc3 Qe4+ 53. Kf1 Qb1+ 54.
Ke2 Qb5+ 55. Ke3 Rh5 56. Kd2 Rh1 57. Qc5+ Qxc5 58. dxc5 Rh4 59. Ke3 Rh3+ 60. Ke2
Rc3 61. Kd2 Rc4 62. Re8 Rcxf4 63. Rxf4 Rxf4 64. Rxe6 Re4 65. Re7 Kb8 66. e6 a5
67. Kc3 Ka7 68. Re8 Ka6 69. e7 Ka7 70. Kb3 Re3+ 71. Ka4 Re1 72. Kxa5 Ra1+ 73.
Kb4 Rb1+ 74. Kc3 Re1 75. Kd4 Rd1+ 1-0

[Event "World Blitz 2025"]
[Site "Doha QAT"]
[Date "2025.12.29"]
[Round "9.70"]
[White "Gan-Erdene, Sugar"]
[Black "Haug, Havard"]
[Result "1-0"]
[WhiteTitle "IM"]
[BlackTitle "FM"]
[WhiteElo "2444"]
[BlackElo "2416"]
[WhiteFideId "4902980"]
[BlackFideId "1547887"]
[EventDate "2025.12.29"]

1. e4 c6 2. Nc3 d5 3. Nf3 a6 4. d4 Bg4 5. h3 Bxf3 6. Qxf3 e6 7. a3 Nf6 8. exd5
cxd5 9. Bd3 Nc6 10. Ne2 h6 11. O-O Bd6 12. c3 O-O 13. Bc2 Re8 14. Bf4 Bxf4 15.
Nxf4 Qd6 16. Rad1 Re7 17. Nd3 Rae8 18. Rfe1 e5 19. dxe5 Nxe5 20. Nxe5 Rxe5 21.
Rxe5 Rxe5 22. Bb3 Qe6 23. a4 a5 24. Bc2 g6 25. Bd3 Kg7 26. Kh2 Re1 27. Rxe1 Qxe1
28. Qf4 Qa1 29. Qc7 Qxb2 30. f3 d4 31. Bc4 h5 32. Qxf7+ Kh6 33. Qxf6 Qxc3 34. f4
d3 35. Qxc3 1-0

[Event "World Blitz 2025"]
[Site "Doha QAT"]
[Date "2025.12.29"]
[Round "9.71"]
[White "Harikrishnan, A. Ra"]
[Black "Anton Guijarro, David"]
[Result "1/2-1/2"]
[WhiteTitle "GM"]
[BlackTitle "GM"]
[WhiteElo "2531"]
[BlackElo "2646"]
[WhiteFideId "5081483"]
[BlackFideId "2285525"]
[EventDate "2025.12.29"]

1. d4 Nf6 2. Nf3 e6 3. Bf4 c5 4. c3 Nc6 5. e3 h6 6. h3 d5 7. Nbd2 Bd6 8. Bxd6
Qxd6 9. Bd3 O-O 10. O-O Rd8 11. Qe2 e5 12. dxe5 Nxe5 13. Nxe5 Qxe5 14. Nf3 Qe7
15. c4 b6 16. cxd5 Nxd5 17. Rfd1 Bb7 18. Ba6 Bxa6 19. Qxa6 Nf6 20. Qa4 Ne4 21.
Rxd8+ Rxd8 22. Rd1 Rxd1+ 23. Qxd1 Qd6 24. Qa4 Qd5 25. Qe8+ Kh7 26. Qe5 Qd1+ 27.
Kh2 Qd6 28. Kg1 Qd1+ 29. Kh2 Qd6 30. Kg1 Qd1+ 31. Kh2 Qd6 1/2-1/2

[Event "World Blitz 2025"]
[Site "Doha QAT"]
[Date "2025.12.29"]
[Round "9.72"]
[White "Bai, Jinshi"]
[Black "Bilguun, Sumiya"]
[Result "1/2-1/2"]
[WhiteTitle "GM"]
[BlackTitle "GM"]
[WhiteElo "2599"]
[BlackElo "2442"]
[WhiteFideId "8602280"]
[BlackFideId "4901541"]
[EventDate "2025.12.29"]

1. Nf3 d5 2. g3 c6 3. Bg2 Bg4 4. O-O Nd7 5. h3 Bh5 6. d4 Ngf6 7. c4 e6 8. Nc3
Be7 9. Ne5 O-O 10. f4 Bg6 11. cxd5 cxd5 12. g4 Be4 13. g5 Bxg2 14. gxf6 gxf6 15.
Kxg2 fxe5 16. fxe5 Kh8 17. Kh1 f5 18. exf6 Nxf6 19. Bh6 Rg8 20. e3 Qe8 21. Bf4
Qg6 22. Qf3 Raf8 23. Be5 Qh6 24. Rg1 Rg6 25. Rxg6 hxg6 26. Qg3 Kh7 27. Rg1 Ne4
28. Nxe4 dxe4 29. Qg4 Rf3 30. Rg3 Rxe3 31. Rxe3 Qxe3 32. Qxe6 Qf3+ 33. Kg1 Qe3+
34. Kg2 Qf3+ 35. Kg1 Qe3+ 36. Kf1 Qf3+ 37. Kg1 Qe3+ 38. Kg2 Qf3+ 39. Kg1 1/2-1/2

[Event "World Blitz 2025"]
[Site "Doha QAT"]
[Date "2025.12.29"]
[Round "9.73"]
[White "Kadric, Denis"]
[Black "Harshavardhan, G B"]
[Result "0-1"]
[WhiteTitle "GM"]
[BlackTitle "IM"]
[WhiteElo "2543"]
[BlackElo "2477"]
[WhiteFideId "14403803"]
[BlackFideId "25059009"]
[EventDate "2025.12.29"]

1. e4 e5 2. Bc4 Nf6 3. d3 c6 4. Nf3 d5 5. Bb3 Bd6 6. exd5 cxd5 7. Bg5 Be6 8. Nc3
Bc7 9. O-O Nc6 10. Re1 a6 11. Bh4 O-O 12. Bg3 Bg4 13. Bh4 Be6 14. h3 Re8 15.
Bxf6 gxf6 16. Nh4 Kh8 17. Ne2 f5 18. Nf3 Qf6 19. c4 dxc4 20. Bxc4 Bxc4 21. dxc4
Rad8 22. Qb3 e4 23. Nh2 Na5 24. Qb4 Qb6 25. Qxb6 Bxb6 26. b3 Nc6 27. Nf1 Nb4 28.
Neg3 Nd3 29. Re2 f4 30. Nxe4 Nxf2 31. c5 Bxc5 32. Rc1 Bb6 0-1

[Event "World Blitz 2025"]
[Site "Doha QAT"]
[Date "2025.12.29"]
[Round "9.74"]
[White "Akobian, Varuzhan"]
[Black "Meng, Yihan"]
[Result "0-1"]
[WhiteTitle "GM"]
[BlackTitle "IM"]
[WhiteElo "2549"]
[BlackElo "2456"]
[WhiteFideId "13300580"]
[BlackFideId "8631891"]
[EventDate "2025.12.29"]

1. d4 d6 2. Nf3 g6 3. c4 f5 4. g3 Bg7 5. Bg2 Nf6 6. O-O O-O 7. b3 e5 8. dxe5
dxe5 9. Bb2 e4 10. Nd4 Qe7 11. Qc2 Rd8 12. e3 Nbd7 13. Nc3 Ne5 14. Rad1 c5 15.
Nde2 Nd3 16. Ba1 Be6 17. Nf4 Nxf4 18. exf4 Bf7 19. Rfe1 Rxd1 20. Rxd1 Rd8 21.
Re1 Qd7 22. Rd1 Qc8 23. f3 exf3 24. Bxf3 b6 25. Nb5 Rd7 26. Rxd7 Qxd7 27. Qd1
Qe7 28. Be5 Ne8 29. Bxg7 Kxg7 30. Qb1 0-1

[Event "World Blitz 2025"]
[Site "Doha QAT"]
[Date "2025.12.29"]
[Round "9.75"]
[White "Agmanov, Zhandos"]
[Black "Dlugy, Maxim"]
[Result "1-0"]
[WhiteTitle "IM"]
[BlackTitle "GM"]
[WhiteElo "2471"]
[BlackElo "2502"]
[WhiteFideId "13708309"]
[BlackFideId "2000075"]
[EventDate "2025.12.29"]

1. e4 d5 2. exd5 Qxd5 3. Nc3 Qd6 4. d4 c6 5. Nf3 Bg4 6. h3 Bxf3 7. Qxf3 Qxd4 8.
Nb5 Qd7 9. Nc3 e6 10. Bd2 Nf6 11. O-O-O Qc7 12. g4 Nbd7 13. Bg2 Be7 14. Rhe1 O-O
15. Kb1 Rad8 16. a3 Nd5 17. Ne4 Ne5 18. Qe2 b5 19. f4 Nc4 20. Bc1 Nxf4 21. Qf3
Nxg2 22. Qxg2 Rxd1 23. Rxd1 Rd8 24. Rf1 Qe5 25. Qf2 f5 26. Qxa7 Bh4 27. Nc3 h6
28. gxf5 exf5 29. Qb7 Nxa3+ 30. bxa3 Qxc3 31. Bb2 Qg3 32. Qxc6 Qxh3 33. Rg1 Bg5
34. Qg6 Rd7 35. Qe8+ Kh7 36. Qxd7 Qh2 37. Qxg7# 1-0

[Event "World Blitz 2025"]
[Site "Doha QAT"]
[Date "2025.12.29"]
[Round "9.76"]
[White "Motylev, Alexander"]
[Black "Nikitenko, Mihail"]
[Result "1-0"]
[WhiteTitle "GM"]
[BlackTitle "GM"]
[WhiteElo "2573"]
[BlackElo "2476"]
[WhiteFideId "4121830"]
[BlackFideId "13506862"]
[EventDate "2025.12.29"]

1. d4 g6 2. e4 Bg7 3. Nc3 d6 4. h4 h5 5. Nh3 Bxh3 6. Rxh3 c6 7. Be3 Nd7 8. Qd2
Ngf6 9. f3 Qc7 10. O-O-O e5 11. a3 a6 12. Be2 b5 13. g4 Nb6 14. dxe5 dxe5 15.
gxh5 Nxh5 16. Qd6 Qb7 17. Bxb6 Qxb6 18. Nd5 1-0

[Event "World Blitz 2025"]
[Site "Doha QAT"]
[Date "2025.12.29"]
[Round "9.97"]
[White "Suleymenov, Alisher"]
[Black "Gholami Orimi, Mahdi"]
[Result "1/2-1/2"]
[WhiteTitle "GM"]
[BlackTitle "GM"]
[WhiteElo "2505"]
[BlackElo "2515"]
[WhiteFideId "13707833"]
[BlackFideId "12558486"]
[EventDate "2025.12.29"]

1. d4 Nf6 2. c4 e6 3. Nc3 Bb4 4. a3 Bxc3+ 5. bxc3 b6 6. f3 Nc6 7. e4 Na5 8. Bd3
Ba6 9. Qe2 c5 10. e5 Ng8 11. Nh3 cxd4 12. cxd4 Nb3 13. Rb1 Nxd4 14. Qf2 Nc6 15.
Qg3 Nge7 16. O-O Ng6 17. f4 Nce7 18. Ng5 Rc8 19. Rb4 Bb7 20. Be3 h6 21. Ne4 Nf5
22. Nd6+ Nxd6 23. exd6 O-O 24. c5 Bd5 25. cxb6 axb6 26. f5 exf5 27. Bxf5 Rc3 28.
Qe1 Rc6 29. Qd2 Be6 30. Be4 Rc4 31. Bxb6 Qh4 32. Bxg6 fxg6 33. Rxf8+ Kxf8 34.
Rxc4 Qxc4 35. h3 Bd5 36. Ba5 Kg8 37. Bc3 Qe4 38. Qf2 Bc6 39. Kh2 Qd5 40. Qg3 g5
41. Bb4 h5 42. Qf2 Qe4 43. Qg3 Qd5 44. Qf2 h4 45. Qe2 Qf5 46. Qe8+ Kh7 47. Qh5+
Kg8 48. Qe8+ Kh7 1/2-1/2